| 000 | 01041nam a22001937a 4500 | ||
|---|---|---|---|
| 003 | JO-AjAnu | ||
| 005 | 20250923140523.0 | ||
| 008 | 250923b jo ||||| |||| 00| 0 ara d | ||
| 040 |
_aanu _cJO-AjAnu |
||
| 041 | _hara | ||
| 100 |
_aالعزي، رنا خالد عوض _eمعد _966656 |
||
| 245 |
_aالتحديات التي يواجهها المعلمون في تعليم الطلبة ذوي صعوبات التعلم في الصفوف الدامجة = The Challenges Faced by Teachers in Teaching Students with Learning Disabilities in Inclusive Classes _c / اعداد رنا خالد عوض العزي؛ اشراف ريم عبدالله الكناني |
||
| 260 | _c2025 | ||
| 300 | _a90 ورقة | ||
| 500 | _aرسالة جامعية (رسالة ماجستير في التربية الخاصة) كلية العلوم التربوية / جامعة عجلون الوطنية؛ 2025 | ||
| 650 | _vصعوبات التعلم-المعلمون | ||
| 700 |
_aالكناني، ريم عبدالله _eمشرف _964923 |
||
| 942 |
_2lcc _cTHS _n0 |
||
| 999 |
_c33983 _d33983 |
||